| 000 | 00828nam a2200241 i 4500 | ||
|---|---|---|---|
| 001 | 114830 | ||
| 003 | ES-MaACL | ||
| 005 | 20230906190248.0 | ||
| 007 | t| | ||
| 008 | 070402s1968 sp |||| | spa d | ||
| 080 | _a338.984.3(46)"1963/67" | ||
| 080 | _a338.98(46)"1961/70" | ||
| 080 | _a338(46)"1961/70" | ||
| 100 | 1 |
_aLópez Muñoz, Arturo. _973813 |
|
| 245 | 1 | 0 |
_aCrecimiento y crisis del capitalismo español / _cArturo López Muñoz, José Luis García Delgado. |
| 260 |
_aMadrid : _bCuadernos para el Diálogo, _c1968. |
||
| 300 |
_a222 p., 5 gráf. pleg. ; _c18 cm. |
||
| 650 | 4 |
_aCapitalismo- _zEspaña. _910763 |
|
| 651 | 4 |
_aEspaña- _xSituación económica- _y1955-1975. _9171815 |
|
| 700 | 1 |
_aGarcía Delgado, José Luis. _954528 |
|
| 710 | 2 |
_aCuadernos para el Diálogo. _93333 |
|
| 852 |
_aES-MaACL _jC-34483 |
||
| 999 |
_c114830 _d114830 |
||